00433nam a2200121 a 45000010005000000030005000050050017000100080041000270400026000682450112000942600048002064900057002545061CDMR20130315131714.0130130s1991||||||||||||||||||||||||||||d aCDMRbcatcCPC GIRONA 3aLa premsa en catalàb: canvi de cicle ; “L'Hora” de València ; La llibertat d'informació al món c1991bCol·legi de Periodistes de Catalunya0 aAnnals del Periodisme Catalàv18 (gener-juny 1991)